000 00807nam a2200265Ia 4500
003 OSt
005 20220925215141.0
006 a|||||r|||| 00| 0
007 ta
008 220923b |||||||| |||| 00| 0 eng d
020 _a3718603322
037 _cGeneral Book
040 _aRTL
_cRTL
_beng
041 _2eng
_aeng
082 _aX:3M24xM18:g, M6
100 _aRichards Alan
_9129025
245 0 _aDevelopment and modes of production in Marxian economics
260 _aLondon
_bHarwood Academic
_c1986
300 _aviii,151p
_ccm.
490 _aFundamentals of Pure and Applied Economics, 12
500 _aBibliography: p 132-45
650 _aEconomic Classics Karl Marx
_9233100
942 _hX:3M24xM18:g, M6
_cGB
_2CC
999 _c568019
_d568019